[Event "Turniej Blitza na II Lidze Juniorów 2018"]
[Site "Szczyrk, Poland"]
[Date "????.??.??"]
[Round "7.73"]
[White "Jedrzejewska, Zuzanna"]
[Black "Sleczka, Krzysztof"]
[Result "1/2-1/2"]
[TimeControl "3'+2\""]
[WhiteElo "1194"]
[BlackElo "1087"]

1. e4 {[%emt 00:00:03]} e5 2. Nf3 Nc6 3. Bb5 {[%clk 00:03:03]} {[%emt
00:00:01]} a6 {[%emt 00:00:02]} 4. Ba4 {[%clk 00:03:04]} Nf6 {[%clk 00:03:07]}
{[%emt 00:00:02]} 5. O-O {[%clk 00:03:03]} {[%emt 00:00:02]} b5 {[%clk
00:03:08]} {[%emt 00:00:02]} 6. Bb3 {[%clk 00:03:04]} Be7 {[%clk 00:03:09]} 7.
Re1 {[%clk 00:03:05]} {[%emt 00:00:02]} d6 {[%clk 00:03:09]} {[%emt 00:00:02]}
8. h3 {[%clk 00:03:06]} {[%emt 00:00:01]} O-O {[%emt 00:00:01]} 9. c3 Na5
{[%clk 00:03:01]} {[%emt 00:00:10]} 10. Bc2 {[%emt 00:00:01]} c5 11. d4 {[%clk
00:03:09]} {[%emt 00:00:02]} cxd4 {[%clk 00:02:36]} {[%emt 00:00:28]} 12. cxd4
{[%clk 00:03:09]} {[%emt 00:00:01]} Nc6 {[%clk 00:02:30]} {[%emt 00:00:09]} 13.
dxe5 {[%clk 00:03:06]} {[%emt 00:00:05]} dxe5 {[%clk 00:02:26]} {[%emt
00:00:06]} 14. Qxd8 {[%emt 00:00:03]} Rxd8 {[%emt 00:00:02]} 15. Bg5 {[%clk
00:03:05]} Bb7 {[%clk 00:02:25]} {[%emt 00:00:04]} 16. Nc3 {[%clk 00:03:02]}
{[%emt 00:00:05]} h6 {[%clk 00:02:21]} {[%emt 00:00:07]} 17. Bxf6 {[%clk
00:03:00]} {[%emt 00:00:03]} Bxf6 {[%clk 00:02:22]} {[%emt 00:00:01]} 18. Nd5
{[%clk 00:03:01]} {[%emt 00:00:01]} Nd4 {[%clk 00:01:58]} {[%emt 00:00:26]} 19.
Nxf6+ {[%clk 00:02:46]} {[%emt 00:00:17]} gxf6 {[%clk 00:01:59]} 20. Nxd4
{[%clk 00:02:46]} {[%emt 00:00:01]} Rxd4 {[%clk 00:01:58]} {[%emt 00:00:03]} 21.
Rad1 {[%clk 00:02:44]} {[%emt 00:00:05]} Rad8 {[%clk 00:01:58]} {[%emt
00:00:02]} 22. Rxd4 {[%clk 00:02:42]} {[%emt 00:00:04]} Rxd4 {[%clk 00:01:58]}
{[%emt 00:00:02]} 23. f3 {[%clk 00:02:32]} {[%emt 00:00:12]} Kg7 {[%clk
00:01:56]} {[%emt 00:00:05]} 24. Kf2 {[%clk 00:02:30]} {[%emt 00:00:03]} Rb4
{[%clk 00:01:49]} {[%emt 00:00:09]} 25. Bb3 {[%clk 00:02:30]} {[%emt 00:00:02]}
Rd4 {[%clk 00:01:47]} {[%emt 00:00:03]} 26. Ke2 {[%clk 00:02:16]} {[%emt
00:00:16]} a5 {[%clk 00:01:34]} {[%emt 00:00:16]} 27. Rd1 {[%clk 00:02:12]}
{[%emt 00:00:05]} Rxd1 {[%clk 00:01:22]} {[%emt 00:00:15]} 28. Kxd1 {[%clk
00:02:11]} {[%emt 00:00:02]} a4 {[%clk 00:01:21]} {[%emt 00:00:04]} 29. Bc2
{[%clk 00:02:12]} Kg6 {[%clk 00:01:21]} {[%emt 00:00:02]} 30. Bd3 {[%clk
00:02:13]} {[%emt 00:00:01]} Bc6 {[%clk 00:01:21]} {[%emt 00:00:02]} 31. b3
{[%clk 00:02:05]} {[%emt 00:00:10]} Kg5 {[%clk 00:01:15]} {[%emt 00:00:07]} 32.
g3 {[%clk 00:02:05]} {[%emt 00:00:03]} h5 {[%clk 00:01:13]} {[%emt 00:00:05]}
33. h4+ {[%clk 00:01:58]} {[%emt 00:00:08]} Kg6 {[%clk 00:01:10]} {[%emt
00:00:06]} 34. bxa4 {[%clk 00:01:47]} bxa4 {[%clk 00:01:11]} 35. Kc2 {[%clk
00:01:42]} {[%emt 00:00:07]} Bd7 {[%clk 00:01:06]} {[%emt 00:00:07]} 36. Kb2
{[%clk 00:01:42]} {[%emt 00:00:02]} f5 {[%clk 00:00:56]} {[%emt 00:00:12]} 37.
exf5+ {[%clk 00:01:32]} {[%emt 00:00:12]} Bxf5 {[%clk 00:00:58]} {[%emt
00:00:01]} 38. Bxf5+ {[%clk 00:01:29]} {[%emt 00:00:04]} Kxf5 {[%clk 00:00:59]}
{[%emt 00:00:01]} 39. Ka3 {[%clk 00:01:29]} {[%emt 00:00:02]} e4 {[%clk
00:01:00]} 40. fxe4+ {[%clk 00:01:26]} {[%emt 00:00:05]} Kxe4 {[%clk 00:01:02]}
41. Kxa4 {[%clk 00:01:26]} {[%emt 00:00:01]} Kf3 {[%clk 00:01:03]} {[%emt
00:00:02]} 42. Kb5 {[%clk 00:01:27]} {[%emt 00:00:01]} Kxg3 {[%clk 00:01:04]}
{[%emt 00:00:02]} 43. a4 {[%clk 00:01:28]} f5 {[%clk 00:01:05]} 44. a5 {[%clk
00:01:29]} {[%emt 00:00:01]} f4 {[%clk 00:01:06]} 45. a6 {[%clk 00:01:30]} f3
{[%clk 00:01:08]} 46. a7 {[%clk 00:01:32]} {[%emt 00:00:02]} f2 {[%clk
00:01:08]} {[%emt 00:00:01]} 47. a8=Q {[%clk 00:01:30]} {[%emt 00:00:03]} f1=Q+
{[%clk 00:01:09]} {[%emt 00:00:02]} 48. Qd8 {[%clk 00:01:15]} {[%emt 00:00:16]}
Qb1+ {[%clk 00:01:05]} {[%emt 00:00:05]} 49. Kc4 {[%clk 00:01:15]} {[%emt
00:00:04]} Qc2+ {[%clk 00:01:05]} {[%emt 00:00:01]} 50. Kb5 {[%clk 00:01:12]}
{[%emt 00:00:05]} Qb3+ {[%clk 00:01:06]} {[%emt 00:00:01]} 51. Kc6 {[%clk
00:01:08]} {[%emt 00:00:06]} Qc4+ {[%clk 00:01:06]} {[%emt 00:00:02]} 52. Kb7
{[%clk 00:01:03]} {[%emt 00:00:07]} Qb5+ {[%clk 00:01:02]} {[%emt 00:00:06]} 53.
Kc8 {[%clk 00:01:03]} {[%emt 00:00:03]} Qc6+ {[%clk 00:01:00]} {[%emt
00:00:03]} 54. Kb8 {[%clk 00:01:03]} {[%emt 00:00:02]} Qb5+ {[%clk 00:01:02]}
55. Kc8 {[%clk 00:01:04]} {[%emt 00:00:02]} Qa6+ {[%clk 00:01:02]} {[%emt
00:00:02]} 56. Kb8 {[%clk 00:01:01]} {[%emt 00:00:03]} Qb5+ {[%clk 00:01:02]}
{[%emt 00:00:03]} 57. Kc8 {[%clk 00:01:02]} {[%emt 00:00:02]} Qc4+ {[%clk
00:01:02]} {[%emt 00:00:02]} 58. Kb7 {[%clk 00:01:02]} {[%emt 00:00:02]} Qxh4
{[%clk 00:01:02]} {[%emt 00:00:02]} 59. Qd3+ {[%clk 00:00:57]} {[%emt
00:00:06]} Kg4 {[%clk 00:01:02]} {[%emt 00:00:02]} 60. Qe4+ {[%clk 00:00:58]}
{[%emt 00:00:01]} Kg5 {[%clk 00:01:03]} {[%emt 00:00:02]} 61. Qe7+ {[%clk
00:00:59]} {[%emt 00:00:01]} Kg4 {[%clk 00:01:03]} {[%emt 00:00:01]} 62. Qe4+
{[%clk 00:01:00]} Kg3 {[%clk 00:01:04]} {[%emt 00:00:02]} 63. Qe1+ {[%clk
00:01:01]} Kg4 {[%clk 00:01:04]} {[%emt 00:00:03]} 64. Qe4+ {[%clk 00:01:02]}
{[%emt 00:00:01]} Kh3 {[%clk 00:01:05]} 65. Qh1+ {[%clk 00:00:59]} {[%emt
00:00:04]} Kg3 {[%clk 00:01:05]} {[%emt 00:00:02]} 66. Qe1+ {[%clk 00:01:00]}
{[%emt 00:00:01]} Kg4 {[%clk 00:01:06]} {[%emt 00:00:02]} 67. Qe4+ {[%clk
00:01:01]} {[%emt 00:00:01]} 1/2-1/2

[Event "Turniej Blitza na II Lidze Juniorów 2018"]
[Site "Szczyrk, Poland"]
[Date "????.??.??"]
[Round "7.26"]
[White "Ulrych, Wojciech"]
[Black "Majdanski, Maksymilian"]
[Result "1-0"]
[TimeControl "3'+2\""]
[WhiteElo "1901"]
[BlackElo "1461"]

1. e4 {[%clk 00:03:03]} {[%emt 00:00:01]} e5 {[%clk 00:03:04]} 2. Nf3 {[%clk
00:03:04]} {[%emt 00:00:01]} Nc6 {[%clk 00:03:05]} 3. Bc4 {[%clk 00:03:05]}
{[%emt 00:00:01]} Bc5 {[%clk 00:03:06]} {[%emt 00:00:01]} 4. d4 {[%clk
00:03:06]} {[%emt 00:00:02]} Bxd4 {[%clk 00:03:04]} {[%emt 00:00:03]} 5. Nxd4
{[%clk 00:03:05]} {[%emt 00:00:02]} Nxd4 {[%clk 00:02:59]} {[%emt 00:00:07]} 6.
O-O {[%clk 00:03:05]} {[%emt 00:00:02]} Nf6 {[%clk 00:02:54]} {[%emt 00:00:07]}
7. f4 {[%clk 00:03:02]} {[%emt 00:00:05]} d6 {[%clk 00:02:51]} {[%emt
00:00:05]} 8. fxe5 {[%clk 00:02:51]} {[%emt 00:00:13]} dxe5 {[%clk 00:02:52]} 9.
c3 {[%clk 00:02:50]} {[%emt 00:00:03]} Ne6 {[%clk 00:02:38]} {[%emt 00:00:16]}
10. Qf3 {[%clk 00:02:28]} {[%emt 00:00:24]} O-O {[%clk 00:02:11]} {[%emt
00:00:29]} 11. Be3 {[%clk 00:02:28]} {[%emt 00:00:03]} c6 {[%clk 00:01:56]}
{[%emt 00:00:16]} 12. Nd2 {[%clk 00:02:15]} {[%emt 00:00:14]} Qc7 {[%clk
00:01:57]} {[%emt 00:00:02]} 13. Rad1 {[%clk 00:02:14]} {[%emt 00:00:02]} b5
{[%clk 00:01:45]} {[%emt 00:00:15]} 14. Bb3 {[%clk 00:02:12]} {[%emt 00:00:04]}
Rd8 {[%clk 00:01:38]} {[%emt 00:00:09]} 15. g4 {[%clk 00:02:06]} {[%emt
00:00:08]} Nf4 {[%clk 00:01:15]} {[%emt 00:00:25]} 16. h3 {[%clk 00:01:42]}
{[%emt 00:00:27]} Nxh3+ {[%clk 00:00:23]} {[%emt 00:00:54]} 17. Qxh3 {[%clk
00:01:42]} {[%emt 00:00:01]} Bxg4 {[%clk 00:00:24]} 18. Qg3 {[%clk 00:01:43]}
Bxd1 {[%clk 00:00:25]} {[%emt 00:00:01]} 19. Rxd1 {[%clk 00:01:40]} {[%emt
00:00:05]} Nxe4 {[%clk 00:00:21]} {[%emt 00:00:05]} 20. Nxe4 {[%clk 00:01:36]}
{[%emt 00:00:06]} Rxd1+ {[%clk 00:00:22]} {[%emt 00:00:01]} 21. Bxd1 {[%clk
00:01:36]} {[%emt 00:00:02]} Kh8 {[%clk 00:00:20]} {[%emt 00:00:04]} 22. Bb3
{[%clk 00:01:33]} {[%emt 00:00:06]} f5 {[%clk 00:00:20]} {[%emt 00:00:02]} 23.
Ng5 {[%clk 00:01:18]} {[%emt 00:00:17]} f4 {[%clk 00:00:13]} {[%emt 00:00:09]}
24. Qh4 {[%clk 00:01:12]} {[%emt 00:00:08]} h6 {[%clk 00:00:10]} {[%emt
00:00:06]} 25. Bc5 {[%clk 00:01:02]} {[%emt 00:00:11]} Re8 {[%clk 00:00:06]}
{[%emt 00:00:06]} 26. Qh5 {[%clk 00:00:54]} {[%emt 00:00:10]} Rc8 {[%clk
00:00:06]} {[%emt 00:00:02]} 27. Qg6 {[%clk 00:00:39]} {[%emt 00:00:16]} hxg5
{[%emt 00:00:11]} 28. Qh5# 1-0

[Event "Turniej Blitza na II Lidze Juniorów 2018"]
[Site "Szczyrk, Poland"]
[Date "????.??.??"]
[Round "7.1"]
[White "Jaroch, Karol"]
[Black "Piesik, Piotr"]
[Result "0-1"]
[TimeControl "3'+2\""]
[BlackTitle "FM"]
[WhiteElo "2257"]
[BlackElo "2305"]

1. c4 {[%clk 00:03:03]} e5 {[%clk 00:03:04]} {[%emt 00:00:01]} 2. Nc3 {[%clk
00:03:04]} Nf6 {[%clk 00:03:05]} 3. g3 {[%clk 00:03:05]} d5 {[%clk 00:03:06]} 4.
cxd5 {[%clk 00:03:06]} {[%emt 00:00:01]} Nxd5 {[%clk 00:03:07]} 5. Bg2 {[%clk
00:03:07]} Nb6 {[%clk 00:03:08]} 6. d3 {[%clk 00:03:09]} {[%emt 00:00:01]} Be7
{[%clk 00:03:10]} 7. Nf3 {[%clk 00:03:10]} {[%emt 00:00:02]} Nc6 {[%clk
00:03:11]} 8. a3 {[%clk 00:03:10]} {[%emt 00:00:02]} O-O {[%clk 00:03:12]} 9.
O-O {[%clk 00:03:11]} {[%emt 00:00:01]} Be6 {[%clk 00:03:13]} 10. b4 {[%clk
00:03:12]} a5 {[%clk 00:03:15]} 11. b5 {[%clk 00:03:12]} {[%emt 00:00:03]} Nd4
{[%clk 00:03:16]} 12. Nxd4 {[%clk 00:03:04]} {[%emt 00:00:10]} exd4 {[%clk
00:03:16]} {[%emt 00:00:01]} 13. Ne4 {[%clk 00:03:04]} {[%emt 00:00:03]} a4
{[%clk 00:03:17]} {[%emt 00:00:01]} 14. Bb2 {[%clk 00:03:03]} {[%emt 00:00:03]}
Ra5 {[%clk 00:03:15]} {[%emt 00:00:04]} 15. f4 {[%clk 00:02:27]} {[%emt
00:00:38]} Rxb5 {[%clk 00:03:14]} {[%emt 00:00:03]} 16. Bc1 {[%clk 00:02:21]}
{[%emt 00:00:07]} f5 {[%clk 00:02:51]} {[%emt 00:00:26]} 17. Nd2 {[%clk
00:02:17]} {[%emt 00:00:06]} c6 {[%clk 00:02:25]} {[%emt 00:00:28]} 18. Nf3
{[%clk 00:02:07]} {[%emt 00:00:13]} Bf6 {[%clk 00:02:19]} {[%emt 00:00:07]} 19.
Bd2 {[%clk 00:01:48]} {[%emt 00:00:20]} Bb3 {[%clk 00:02:12]} {[%emt 00:00:09]}
20. Qc1 {[%clk 00:01:47]} {[%emt 00:00:04]} Nd5 {[%clk 00:02:12]} {[%emt
00:00:03]} 21. Ne5 {[%clk 00:01:45]} {[%emt 00:00:04]} Re8 {[%clk 00:02:04]}
{[%emt 00:00:09]} 22. Qb2 {[%clk 00:01:23]} {[%emt 00:00:24]} Ne3 {[%clk
00:01:38]} {[%emt 00:00:29]} 23. Bxe3 {[%clk 00:01:23]} {[%emt 00:00:01]} dxe3
{[%clk 00:01:39]} {[%emt 00:00:02]} 24. Qc3 {[%clk 00:01:10]} {[%emt 00:00:14]}
Rbxe5 {[%clk 00:01:29]} {[%emt 00:00:12]} 25. fxe5 {[%clk 00:01:06]} {[%emt
00:00:06]} Bxe5 {[%clk 00:01:30]} 26. Qc1 {[%clk 00:01:04]} {[%emt 00:00:04]}
Bxa1 {[%clk 00:01:30]} {[%emt 00:00:02]} 27. Qxa1 {[%emt 00:00:01]} Qd7 {[%clk
00:01:09]} {[%emt 00:00:23]} 28. Qc3 {[%clk 00:00:52]} {[%emt 00:00:16]} Rf8
{[%clk 00:00:38]} {[%emt 00:00:33]} 29. Qc5 {[%clk 00:00:42]} {[%emt 00:00:11]}
Qe6 {[%clk 00:00:31]} {[%emt 00:00:09]} 30. Qd4 {[%clk 00:00:43]} {[%emt
00:00:01]} Qe7 {[%clk 00:00:29]} {[%emt 00:00:04]} 31. Bh3 {[%clk 00:00:30]}
{[%emt 00:00:15]} Qxa3 {[%clk 00:00:22]} {[%emt 00:00:09]} 32. Bxf5 {[%clk
00:00:31]} {[%emt 00:00:01]} Qe7 {[%clk 00:00:22]} {[%emt 00:00:03]} 33. Rf3
{[%clk 00:00:25]} {[%emt 00:00:07]} c5 {[%clk 00:00:15]} {[%emt 00:00:09]} 34.
Qf4 {[%clk 00:00:16]} {[%emt 00:00:11]} g6 {[%clk 00:00:14]} {[%emt 00:00:03]}
35. Rxe3 {[%clk 00:00:14]} {[%emt 00:00:04]} Qg7 {[%clk 00:00:14]} {[%emt
00:00:03]} 36. Qd6 {[%clk 00:00:10]} {[%emt 00:00:05]} gxf5 {[%clk 00:00:13]}
{[%emt 00:00:03]} 37. Kf2 {[%clk 00:00:10]} {[%emt 00:00:02]} a3 {[%clk
00:00:12]} {[%emt 00:00:04]} 38. Qxc5 {[%clk 00:00:09]} {[%emt 00:00:02]} a2
{[%clk 00:00:13]} {[%emt 00:00:02]} 39. Qb4 {[%clk 00:00:06]} {[%emt 00:00:04]}
Bf7 {[%clk 00:00:11]} {[%emt 00:00:04]} 0-1

[Event "Turniej Blitza na II Lidze Juniorów 2018"]
[Site "Szczyrk, Poland"]
[Date "????.??.??"]
[Round "7.4"]
[White "Pniaczek, Marek"]
[Black "Posuniak, Weronika"]
[Result "1/2-1/2"]
[TimeControl "3'+2\""]
[WhiteTitle "CM"]
[WhiteElo "1995"]
[BlackElo "1808"]

1. e4 {[%clk 00:03:03]} d5 {[%clk 00:03:03]} {[%emt 00:00:01]} 2. exd5 {[%clk
00:03:04]} Nf6 {[%clk 00:03:05]} 3. d4 {[%clk 00:03:04]} {[%emt 00:00:03]} Nxd5
{[%clk 00:03:06]} 4. Nf3 {[%clk 00:03:05]} {[%emt 00:00:01]} g6 {[%clk
00:03:07]} {[%emt 00:00:01]} 5. c4 {[%clk 00:03:07]} Nb6 {[%clk 00:03:08]} 6.
c5 {[%clk 00:03:08]} Nd5 {[%clk 00:03:08]} 7. Nc3 {[%clk 00:03:10]} {[%emt
00:00:01]} c6 {[%clk 00:03:09]} {[%emt 00:00:01]} 8. Bc4 {[%clk 00:03:11]}
{[%emt 00:00:01]} Bg7 {[%clk 00:03:08]} {[%emt 00:00:03]} 9. O-O {[%clk
00:03:11]} {[%emt 00:00:02]} O-O {[%clk 00:03:06]} {[%emt 00:00:04]} 10. Re1
{[%clk 00:03:12]} {[%emt 00:00:01]} e6 {[%clk 00:03:06]} {[%emt 00:00:02]} 11.
Bg5 {[%clk 00:03:10]} {[%emt 00:00:04]} Qc7 {[%clk 00:03:01]} {[%emt 00:00:07]}
12. Bh4 {[%clk 00:03:04]} {[%emt 00:00:08]} Nd7 {[%clk 00:02:47]} {[%emt
00:00:16]} 13. Bg3 {[%clk 00:03:05]} {[%emt 00:00:01]} Qa5 {[%clk 00:02:48]} 14.
Ne4 {[%clk 00:03:03]} {[%emt 00:00:03]} b6 {[%clk 00:02:38]} {[%emt 00:00:12]}
15. Bd6 {[%clk 00:02:43]} {[%emt 00:00:23]} Re8 {[%clk 00:02:37]} {[%emt
00:00:03]} 16. cxb6 {[%clk 00:02:09]} {[%emt 00:00:36]} axb6 {[%clk 00:02:36]}
{[%emt 00:00:03]} 17. Rc1 {[%clk 00:02:03]} {[%emt 00:00:08]} Bb7 {[%clk
00:02:23]} {[%emt 00:00:15]} 18. Ne5 {[%clk 00:02:03]} {[%emt 00:00:02]} N7f6
{[%clk 00:02:06]} {[%emt 00:00:20]} 19. Nxf6+ {[%clk 00:01:59]} {[%emt
00:00:05]} Bxf6 {[%clk 00:02:04]} {[%emt 00:00:03]} 20. Qf3 {[%clk 00:01:46]}
{[%emt 00:00:15]} Kg7 {[%clk 00:01:57]} {[%emt 00:00:09]} 21. Bxd5 {[%clk
00:01:32]} {[%emt 00:00:16]} Qxd5 {[%clk 00:01:52]} {[%emt 00:00:07]} 22. Qxd5
{[%clk 00:01:15]} {[%emt 00:00:19]} exd5 {[%clk 00:01:49]} {[%emt 00:00:06]} 23.
a3 {[%clk 00:01:17]} c5 {[%clk 00:01:33]} {[%emt 00:00:18]} 24. dxc5 {[%clk
00:01:12]} {[%emt 00:00:07]} bxc5 {[%clk 00:01:34]} {[%emt 00:00:01]} 25. Nd7
{[%clk 00:00:42]} {[%emt 00:00:31]} Bxb2 {[%clk 00:01:28]} {[%emt 00:00:08]} 26.
Rxe8 {[%clk 00:00:43]} {[%emt 00:00:02]} Rxe8 {[%clk 00:01:29]} {[%emt
00:00:01]} 27. Rb1 {[%clk 00:00:39]} {[%emt 00:00:06]} Rd8 {[%clk 00:01:25]}
{[%emt 00:00:06]} 28. Nxc5 {[%clk 00:00:29]} {[%emt 00:00:12]} Rxd6 {[%clk
00:01:24]} {[%emt 00:00:04]} 29. Nxb7 {[%clk 00:00:29]} {[%emt 00:00:01]} Rb6
{[%clk 00:01:25]} 30. Nc5 {[%clk 00:00:28]} {[%emt 00:00:03]} Rb8 {[%clk
00:01:20]} {[%emt 00:00:07]} 31. a4 {[%clk 00:00:14]} {[%emt 00:00:15]} Be5
{[%clk 00:01:11]} {[%emt 00:00:11]} 32. Rxb8 {[%clk 00:00:14]} {[%emt
00:00:02]} Bxb8 {[%clk 00:01:12]} {[%emt 00:00:01]} 33. a5 {[%clk 00:00:16]}
Ba7 {[%clk 00:01:11]} {[%emt 00:00:04]} 34. Nd7 {[%clk 00:00:16]} {[%emt
00:00:02]} d4 {[%clk 00:01:09]} {[%emt 00:00:03]} 35. Nb6 {[%clk 00:00:16]}
{[%emt 00:00:02]} d3 {[%clk 00:01:08]} {[%emt 00:00:04]} 36. Kf1 {[%clk
00:00:17]} {[%emt 00:00:01]} Kf6 {[%clk 00:01:07]} {[%emt 00:00:02]} 37. Nc8
{[%clk 00:00:19]} {[%emt 00:00:01]} Bd4 {[%clk 00:01:08]} {[%emt 00:00:02]} 38.
a6 {[%clk 00:00:15]} {[%emt 00:00:05]} d2 {[%clk 00:00:45]} {[%emt 00:00:24]}
39. Ke2 {[%clk 00:00:17]} {[%emt 00:00:01]} Bxf2 {[%clk 00:00:46]} 40. a7
{[%clk 00:00:16]} {[%emt 00:00:03]} Bxa7 {[%clk 00:00:46]} {[%emt 00:00:02]} 41.
Nxa7 {[%clk 00:00:17]} {[%emt 00:00:01]} Kf5 {[%clk 00:00:47]} 42. Kxd2 {[%clk
00:00:18]} h5 {[%clk 00:00:48]} {[%emt 00:00:02]} 43. Nc6 {[%clk 00:00:18]}
{[%emt 00:00:01]} Ke4 {[%clk 00:00:46]} {[%emt 00:00:03]} 44. Ke2 {[%clk
00:00:18]} {[%emt 00:00:03]} f5 {[%clk 00:00:46]} {[%emt 00:00:02]} 45. Ne7
{[%clk 00:00:19]} {[%emt 00:00:01]} g5 {[%clk 00:00:46]} {[%emt 00:00:02]} 46.
h4 {[%clk 00:00:13]} {[%emt 00:00:08]} Kf4 {[%clk 00:00:39]} {[%emt 00:00:09]}
47. Ng6+ {[%clk 00:00:12]} {[%emt 00:00:03]} Kg4 {[%clk 00:00:39]} {[%emt
00:00:03]} 48. hxg5 {[%clk 00:00:11]} {[%emt 00:00:01]} Kxg5 {[%clk 00:00:40]}
{[%emt 00:00:02]} 49. Ne5 {[%clk 00:00:12]} {[%emt 00:00:01]} Kf4 {[%clk
00:00:40]} {[%emt 00:00:02]} 50. Ng6+ {[%clk 00:00:11]} {[%emt 00:00:03]} Kg3
{[%clk 00:00:40]} {[%emt 00:00:02]} 51. Kf1 {[%clk 00:00:11]} {[%emt 00:00:02]}
h4 {[%clk 00:00:42]} 52. Ne7 {[%clk 00:00:08]} {[%emt 00:00:05]} f4 {[%clk
00:00:38]} {[%emt 00:00:05]} 53. Nf5+ {[%clk 00:00:09]} {[%emt 00:00:01]} Kg4
{[%clk 00:00:40]} {[%emt 00:00:01]} 54. Nh6+ {[%clk 00:00:06]} {[%emt
00:00:05]} Kg5 {[%clk 00:00:39]} {[%emt 00:00:02]} 55. Nf7+ {[%clk 00:00:07]}
{[%emt 00:00:02]} Kg4 {[%clk 00:00:39]} {[%emt 00:00:02]} 56. Ne5+ {[%clk
00:00:08]} {[%emt 00:00:01]} Kg3 {[%emt 00:00:13]} 1/2-1/2

[Event "Turniej Blitza na II Lidze Juniorów 2018"]
[Site "Szczyrk, Poland"]
[Date "????.??.??"]
[Round "7.42"]
[White "Hampel, Anna"]
[Black "Grzybek, Mikolaj"]
[Result "1-0"]
[TimeControl "3'+2\""]
[WhiteElo "1449"]
[BlackElo "1243"]

1. e4 {[%clk 00:03:03]} b6 {[%clk 00:03:02]} {[%emt 00:00:03]} 2. d4 {[%clk
00:03:03]} {[%emt 00:00:03]} Bb7 {[%clk 00:03:03]} 3. Nc3 {[%clk 00:03:04]}
{[%emt 00:00:02]} e6 {[%clk 00:03:04]} 4. Nf3 {[%clk 00:03:02]} {[%emt
00:00:04]} Bb4 {[%clk 00:03:05]} {[%emt 00:00:01]} 5. Bd3 {[%clk 00:02:59]}
{[%emt 00:00:05]} Nf6 {[%clk 00:03:04]} {[%emt 00:00:03]} 6. Qe2 {[%clk
00:02:58]} {[%emt 00:00:03]} d5 {[%clk 00:03:05]} 7. Bg5 {[%clk 00:02:52]}
{[%emt 00:00:08]} dxe4 {[%clk 00:02:51]} {[%emt 00:00:16]} 8. Bxe4 {[%clk
00:02:49]} {[%emt 00:00:05]} Bxe4 {[%clk 00:02:49]} {[%emt 00:00:04]} 9. Bxf6
{[%clk 00:02:50]} {[%emt 00:00:01]} Qxf6 {[%clk 00:02:50]} {[%emt 00:00:02]} 10.
Qxe4 {[%clk 00:02:50]} {[%emt 00:00:02]} c6 {[%clk 00:02:47]} {[%emt 00:00:05]}
11. O-O {[%clk 00:02:42]} {[%emt 00:00:10]} O-O {[%clk 00:02:46]} {[%emt
00:00:03]} 12. Ne5 {[%clk 00:02:39]} {[%emt 00:00:04]} Bxc3 {[%clk 00:02:26]}
{[%emt 00:00:22]} 13. bxc3 {[%clk 00:02:40]} Rc8 {[%clk 00:02:27]} 14. Rae1
{[%clk 00:02:36]} {[%emt 00:00:06]} a5 {[%clk 00:02:17]} {[%emt 00:00:12]} 15.
Re3 {[%clk 00:02:36]} {[%emt 00:00:02]} Qf5 {[%clk 00:01:56]} {[%emt 00:00:23]}
16. Qh4 {[%clk 00:02:09]} {[%emt 00:00:28]} Qf6 {[%clk 00:01:45]} {[%emt
00:00:14]} 17. Qg3 {[%clk 00:01:53]} {[%emt 00:00:19]} Rf8 {[%clk 00:01:19]}
{[%emt 00:00:27]} 18. Rf3 {[%clk 00:01:50]} {[%emt 00:00:05]} Qe7 {[%clk
00:01:19]} {[%emt 00:00:01]} 19. Re1 {[%clk 00:01:45]} {[%emt 00:00:08]} Nd7
{[%clk 00:01:20]} 20. Qg4 {[%clk 00:01:34]} {[%emt 00:00:13]} Nxe5 {[%clk
00:01:07]} {[%emt 00:00:16]} 21. Rxe5 {[%clk 00:01:35]} {[%emt 00:00:01]} g6
{[%clk 00:00:54]} {[%emt 00:00:14]} 22. Rh3 {[%clk 00:01:32]} {[%emt 00:00:05]}
f5 {[%clk 00:00:52]} {[%emt 00:00:04]} 23. Qe2 {[%clk 00:01:23]} {[%emt
00:00:10]} Rf6 {[%clk 00:00:46]} {[%emt 00:00:07]} 24. Rhe3 {[%clk 00:01:20]}
{[%emt 00:00:07]} Kf7 {[%clk 00:00:31]} {[%emt 00:00:17]} 25. Qf3 {[%clk
00:01:12]} {[%emt 00:00:09]} Rc8 {[%clk 00:00:24]} {[%emt 00:00:09]} 26. c4
{[%clk 00:01:12]} {[%emt 00:00:04]} g5 {[%clk 00:00:06]} {[%emt 00:00:19]} 27.
Qh5+ {[%clk 00:03:02]} {[%emt 00:00:18]} 1-0